| 000 | 00948cam a22001934a 4500 | ||
|---|---|---|---|
| 005 | 20250605164400.0 | ||
| 008 | 250528s ||||||||||||||||||||||||d | ||
| 035 | _a24538 | ||
| 040 |
_aGR-AtMCL _bgre _dGR-AtMCL _eAACR2 |
||
| 245 | 1 | _aΗ MISKO είναι 'Συμμετοχική' Μάρκα | |
| 260 | _c2014 | ||
| 300 | _a34 | ||
| 520 | _aΗ Επικοινωνία Χρειάζεται Συνέπεια και Συνέχεια, Πάθος και Ομαδικότητα και να Απολαμβάνεις Αυτό που Κάνεις, Το Branded Content είναι το Επιτακτικό Παρόν της Επικοινωνίας, Κόμβος Γνώσης και Εξειδίκευσης για την Επικοινωνία, Οι Προλετάριοι του 21ου Αιώνα. | ||
| 700 | 1 |
_aΚορδελάς Δημήτρης _99464 |
|
| 942 | _cCR | ||
| 710 | 2 |
_aThe Marketing Week _99825 |
|
| 999 |
_c9415 _d9415 |
||